| 000 | 00572nam a2200193Ia 4500 | ||
|---|---|---|---|
| 005 | 20250923145301.0 | ||
| 008 | 008 250917s9999 xx 000 0 eng d | ||
| 037 | _aTextual | ||
| 040 |
_aDSWL _beng _cDSWL |
||
| 041 |
_aeng _2eng |
||
| 084 |
_aYX;A;5-P:(Q62), N64 _qDSWL |
||
| 245 | 4 | _aThe Problem of Population : Practical Catholic Application | |
| 260 |
_aIndia _bIndian University of Notre Dame Press _c1964 |
||
| 300 | _axiv,185p. | ||
| 365 |
_aUSD _b1.25 |
||
| 925 | _g1.25 | ||
| 942 |
_cTEXL _hYX;A;5-P:(Q62), N64 |
||
| 999 |
_c1449456 _d1449456 |
||